Hard Accurate Dog Breed Quiz (by picture) - Statistics

General Stats
  • This quiz has been taken 3 times
  • The average score is 3 of 16
Answer Stats
Picture Answer % Correct
Bedlington Terrier
67%
Clumber Spaniel
67%
Beauceron
33%
Black and Tan Coonhound
33%
Boykin Spaniel
33%
Bracco Italiano
33%
Carolina Dog
33%
Affenpinscher
0%
Alaskan Klee Kai
0%
Bavarian Mountain Scent Hound Bavarian Mountain Scent Hound
0%
Bergamasco Sheepdog
0%
Biewer Terrier
0%
Canaan Dog
0%
Catahoula Leopard Dog
0%
Chinook
0%
Estrella Mountain Dog
0%
No matching quizzes found
Score Distribution
Percent of People with Each Score
Percentile by Number Answered
Your Score History
You have not taken this quiz